000 00627nam a2200157 4500
003 LK-CoMWRAF
005 20240129141501.0
008 240129b |||||||| |||| 00| 0 eng d
040 _aLK-CoMWRAF
_dLK-CoMWRAF
_eLK-CoMWRAF
041 _asin
_atam
_aeng
082 _a305.42
_bPRA
245 _aප්‍ර‍ගතියේ හවුල්කරුවෝ = முன்னேற்றத்திற்கான பங்காளிகள் = Partners for progress
246 _aPragathiyee haulkaruwoo = Pragathiyee haulkaruwoo
260 _aColombo :
_bMinistry of child development & Women's empowerment
_c2005
942 _cBK
999 _c4693
_d4693